Scattering Theory for Diffraction Gratings

Αποθηκεύτηκε σε:
Λεπτομέρειες βιβλιογραφικής εγγραφής
Κύριος συγγραφέας: Wilcox, Calvin Hayden
Μορφή: Βιβλίο
Γλώσσα:English
Δημοσίευση: New York : Springer-Verlag, c1984
Σειρά:Applied mathematical sciences (Springer-Verlag New York Inc.) ; 46
Θέματα:
Ετικέτες: Προσθήκη ετικέτας
Δεν υπάρχουν, Καταχωρήστε ετικέτα πρώτοι!

MARC

LEADER 00000cam a2200000 i 4500
001 1/31189
008 941103s1984 eng d
020 |a 0387909249 
035 |l 10038763 
035 |a 1993  |c ΦΛΕΣΣΑΣ 
040 |a GR-MY-UA  |b gre  |e aacr 
041 0 |a eng 
082 0 |a 530.15  |2 (19) 
100 1 |a Wilcox, Calvin Hayden. 
245 1 0 |a Scattering Theory for Diffraction Gratings /  |c Calvin H. Wilcox 
260 |a New York :   |b Springer-Verlag,   |c c1984 
300 |a ix, 163 p.;  |b ill.;  |c 24 cm 
490 1 |a Applied mathematical sciences (Springer-Verlag New York Inc.)  |v ; 46 
500 |a Includes index 
504 |a Bibliography: p. 160-162 
650 0 0 |a Diffraction gratings. 
650 0 0 |a Scattering (Mathematics) 
830 0 |a Applied mathematical sciences (Springer-Verlag New York Inc.)  |v ; 46 
852 |a INST  |b SAMOS  |e 19941103  |h 530.15 WIL  |p 005300003316  |q 005300003316  |t BK  |y 0 
909 |a Σ  |b 029421